Manažérske organizácie v cieľových miestach cestovného ruchu

Bibliographic Details
Main Author: Gajdošík, Tomáš, 1988 11. júl- (Author)
Format: Book
Language:Slovak
PhysicalDescription:131 strán grafy, mapy, tabuľky 21 cm
Published: Banská Bystrica Belianum 2019
ISBN:9788055716633
Edition:Prvé vydanie
Series:Studia oeconomica 65
Ekonomická fakulta
Subjects:

MARC

LEADER 00000cam a2200000 4500
001 vtls011919349
003 SK-MaSNL
005 20260425233916.0
008 210624s2019 xo dab frn 000 0 slo
015 |a SNBA2020/08 
020 |a 9788055716633  |q (brožované) 
035 |a urn:nbn:sk:snk-am00en72 
035 |a urn:nbn:sk:snk-am3ikgn 
035 |a 6F01D5FD-0E05-4FB4-8AE8-A59981D15BAD 
040 |a SNK  |b slo  |c SNK  |e rda 
041 0 |a slo 
043 |a e-xo--- 
044 |a xo  |c SK 
072 7 |a 005  |x Manažment. Riadenie  |2 konspekt 
080 |a 338.48  |2 2011 
080 |a 658.89  |2 2011 
080 |a 005.336.5  |2 2011 
080 |a (437.6)  |2 2011 
080 |a 005.591  |2 2011 
080 |a (048.8)  |2 2011 
100 1 |a Gajdošík, Tomáš,  |d 1988 11. júl-  |4 aut  |9 197895 
245 1 0 |a Manažérske organizácie v cieľových miestach cestovného ruchu  |c Tomáš Gajdošík 
250 |a Prvé vydanie 
264 1 |a Banská Bystrica  |b Belianum  |c 2019 
300 |a 131 strán  |b grafy, mapy, tabuľky  |c 21 cm 
336 |a text  |b txt  |2 rdacontent 
337 |a bez média  |b n  |2 rdamedia 
338 |a zväzok  |b nc  |2 rdacarrier 
366 |e 100 kusov 
490 1 |a Studia oeconomica  |v 65 
490 1 |a Ekonomická fakulta 
500 |a Obsahuje poznámky pod čiarou 
504 |a Obsahuje bibliografiu na strane 104-116 ; bibliografické odkazy 
650 0 7 |a cestovný ruch  |2 SNKPH  |9 999 
650 0 7 |a Tourism  |2 SNKPHeng  |9 266335 
650 0 7 |a cielený marketing  |2 SNKPH  |9 132171 
650 0 7 |a Target marketing  |2 SNKPHeng  |9 422241 
650 0 7 |a manažérske zručnosti  |2 SNKPH  |9 115265 
650 0 7 |a Management skills  |2 SNKPHeng  |9 278059 
650 0 7 |a reinžiniering  |2 SNKPH  |9 4242 
650 0 7 |a reengineering  |2 SNKPHeng  |9 94084 
651 7 |a Slovensko  |2 SNKPHgeo  |9 14231 
651 7 |a Slovakia  |2 SNKPHeng  |9 92630 
655 7 |a monografie  |2 SNKPH  |9 70139 
655 7 |a Monographs  |2 SNKPHeng  |9 120675 
710 2 |a Univerzita Mateja Bela v Banskej Bystrici.  |b Ekonomická fakulta  |4 pbl 
810 2 |a Univerzita Mateja Bela v Banskej Bystrici.  |t Studia oeconomica  |9 303279 
810 2 |a Univerzita Mateja Bela v Banskej Bystrici.  |t Ekonomická fakulta 
919 |a 978-80-557-1663-3 
958 |a NB 
999 |c 779042  |d 780972 
952 |a SNK  |b SNK  |y PREZ  |7 0  |p 17A1427639  |o snkSC 189208  |i snk2020/11429  |8 0  |0 0  |1 0  |4 0  |d 2020-06-26  |f 1  |l 0  |r 2025-10-06 00:00:00  |w 2026-02-24 
952 |a SNK  |b SNK  |y VYP  |7 0  |p 17A1427640  |o snkSC 189208 D1  |i snk2020/11430  |8 0  |0 0  |1 0  |4 0  |d 2020-06-26  |l 0  |r 2026-02-24 00:59:42  |w 2026-02-24